01114nam a22002057a 450000500170000000800410001702000150005804000070007304100120008008200200009210000120011224500450012426000370016930000280020652005740023465000230080865000290083165000340086070000140089420230627151458.0230627b ||||| |||| 00| 0 eng d a093286323X cAL aEnglish 223a323.1bKLYS aY N Kly aSocietal Development and Minority Rights aAtlantabClarity Press Incc1997 a269 p.bPBc21.5x14 cm. aAs advancing technology, environmental degradation and competitive globalization impress upon humanity the need for sustainable human-centered development, the way in which majority/minority relations are institutionalized within multinational states may be key to their societal development as a whole. In this lucid and compelling overview, international legal scholar Y. N. Kly examines the urgent international dialogue now taking place on how best to institutionalize the co-existence of dominant and nondominant ethnic groups within the same multinational state.  aCultural pluralism aMinorities--Civil rights aMinorities--Social conditions aKLY (Y N)